Catálogo

Arquitectura histórica de Mexicali : (Registro nro. 24722)

Detalles MARC
000 -LEADER
fixed length control field 01284cam a2200313 i 4500
001 - CONTROL NUMBER
control field 24722
003 - CONTROL NUMBER IDENTIFIER
control field Mx-PuUPA
005 - DATE AND TIME OF LATEST TRANSACTION
control field 20240730084018.0
008 - FIXED-LENGTH DATA ELEMENTS--GENERAL INFORMATION
fixed length control field 140415s2009 mx ae gr 000 0 spa d
020 ## - INTERNATIONAL STANDARD BOOK NUMBER
International Standard Book Number 9786077753056
040 ## - CATALOGING SOURCE
Transcribing agency Mx-PuUPA
Original cataloging agency Mx-PuUPA
Language of cataloging spa
Modifying agency Mx-PuUPA
Description conventions rda
041 0# - LANGUAGE CODE
Language code of text/sound track or separate title spa
100 1# - MAIN ENTRY--PERSONAL NAME
Personal name González González, Ana Margarita,
9 (RLIN) 16002
Relator term autor
245 10 - TITLE STATEMENT
Title Arquitectura histórica de Mexicali :
Remainder of title escuelas y edificios públicos /
Statement of responsibility, etc. Ana Margarita González González, Cuauhtémoc Robles Cairo
264 #1 - PRODUCTION, PUBLICATION, DISTRIBUTION, MANUFACTURE, AND COPYRIGHT NOTICE
Place of production, publication, distribution, manufacture Baja California :
Name of producer, publisher, distributor, manufacturer Universidad Autónoma de Baja California,
Date of production, publication, distribution, manufacture, or copyright notice ©2009
300 ## - PHYSICAL DESCRIPTION
Extent 303 páginas :
Other physical details ilustraciones, planos ;
Dimensions 29 cm
336 ## - CONTENT TYPE
Fuente rdacontent
Content type term texto
Content type code txt
337 ## - MEDIA TYPE
Source rdamedia
Media type term sin medio
Media type code n
338 ## - CARRIER TYPE
Source rdacarrier
Carrier type term volumen
Carrier type code nc
650 #7 - SUBJECT ADDED ENTRY--TOPICAL TERM
Source of heading or term armarc
Topical term or geographic name entry element Arquitectura pública
Geographic subdivision México
-- Mexicali
General subdivision Historia
Chronological subdivision Siglo XX
650 #7 - SUBJECT ADDED ENTRY--TOPICAL TERM
Source of heading or term armarc
Topical term or geographic name entry element Edificios escolares
Geographic subdivision México
-- Mexicali
General subdivision Historia
Chronological subdivision Siglo XX
651 #4 - SUBJECT ADDED ENTRY--GEOGRAPHIC NAME
Geographic name Mexicali (México)
General subdivision Edificios, estructuras, etc.
700 1# - ADDED ENTRY--PERSONAL NAME
Personal name Robles Cairo, Cuauhtémoc,
Relator term autor
942 ## - ADDED ENTRY ELEMENTS (KOHA)
Source of classification or shelving scheme Dewey Decimal Classification
Koha item type Libro
Classification part 720.97223
Item part G63
Suppress in OPAC
260 ## - PUBLICATION, DISTRIBUTION, ETC.
Place of publication, distribution, etc.
Name of publisher, distributor, etc.
Date of publication, distribution, etc.
Existencias
Withdrawn status Lost status Source of classification or shelving scheme Damaged status Not for loan Collection code Home library Current library Shelving location Date acquired Source of acquisition Total Checkouts Full call number Barcode Date last seen Price effective from Koha item type
    Dewey Decimal Classification     General Biblioteca Karol Wojtyla Biblioteca Karol Wojtyla Sala general 03/12/2013 Donación   720.97223 G63 2009 46145 05/01/2026 03/12/2013 Libro